Redactor general
Descripción Física:
30 cm
MARC
| LEADER | 00000nam a2200000Ia 4500 | ||
|---|---|---|---|
| 001 | 22372 | ||
| 008 | 160829s1811- xx 000 0 cat d | ||
| 008 | 160829s9999 xx 000 0 cat d | ||
| 080 | |a RF-13-61 | ||
| 245 | |a Redactor general | ||
| 260 | |a Cádiz : |b [Imprenta del Estado Mayor General], |c 1811- | ||
| 300 | |a 30 cm | ||
| 362 | |a No. 1 (1811)- | ||
| 590 | |a Diari, amb irregularitats. | ||
| 590 | |a Descripció basada en: Núm. 545 (dic. 1812). | ||
| 590 | |a Prové de 4, exp. 1 | ||
| 650 | |a Història |x Revistes |9 47329 | ||
| 650 | |a Restauració borbònica, 1814-1868 |x Revistes |9 47330 | ||
| 856 | 4 | |u https://media.diba.cat/diba/fitxers/arxiu/fulletons/bib_22372_1811_baixa.pdf |y Accés lliure | |
| 856 | 4 | |u https://media.diba.cat/diba/fitxers/arxiu/fulletons/bib_22372_1811_baixa.pdf |y Accés lliure | |
| 866 | |a 1811 (545) | ||
| 901 | |a Arxiu | ||
| 942 | |n 1 |2 udc | ||
| 952 | |0 0 |1 0 |4 0 |6 RF1361 |7 1 |9 53819 |a Arxiu |b Arxiu |d 2016-12-01 |l 0 |o RF-13-61 |p 22372 |r 2016-12-01 00:00:00 |w 2016-12-01 |y ARXIU | ||
| 999 | |c 57685 |d 57685 | ||
| 900 | |a bib_22372_1811_baixa.pdf | ||